00512nam a22001577a 4500008004100000020001900041040005500060080001800115245006100133260004600194300001800240650002500258653002400283653002100307700002600328230309b |||||||| |||| 00| 0 eng d a81-7992-297-9  aNational Science LibrarycNational Science Library aD 025.3 bP5  aManaging cataloging and the organization of information  aMumbai: bJaico Publishing House, c2005  axviii, 405p.  aManaging cataloging  aNational libraries  aWorld libraries  aCarter, Ruth C (Ed.)